When you're gone (Avril Lavigne) - lyrics - Statistics

General Stats
  • This quiz has been taken 41 times
  • The average score is 272 of 306
Answer Stats
Answer % Correct
are
100%
gone
100%
I
100%
miss
100%
to
100%
when
100%
When
100%
you
100%
your
100%
you're
100%
And
96%
and
96%
know
96%
me
96%
missing
96%
my
96%
the
96%
always
92%
day
92%
hear
92%
heart
92%
how
92%
is
92%
it
92%
need
92%
never
92%
of
92%
on
92%
pieces
92%
that
92%
too
92%
Do
88%
do
88%
ever
88%
I'm
88%
love
88%
make
88%
through
88%
words
88%
away
83%
get
83%
much
83%
okay
83%
there
83%
thought
83%
walk
83%
where
83%
cry
79%
Everything
79%
now
79%
right
79%
take
79%
time
79%
all
75%
alone
75%
bed
75%
face
75%
feel
75%
I'd
75%
lie
75%
like
75%
made
75%
own
75%
see
75%
they
75%
things
75%
We
75%
we
75%
were
75%
came
71%
can
71%
for
71%
I've
71%
just
71%
needed
71%
other
71%
reminds
71%
side
71%
smell
71%
this
71%
way
71%
with
71%
clothes
67%
each
67%
floor
67%
Out
67%
steps
67%
was
67%
yeah
67%
before
63%
count
63%
forever
63%
here
63%
up
63%
days
58%
left
58%
soul
58%
wanted
58%
felt
54%
give
50%
years
50%
breathe
29%
hardly
25%
No matching quizzes found
Score Distribution
Percent of People with Each Score
Percentile by Number Answered
Your Score History
You have not taken this quiz